Loading...
| Science - Other Science | 0 | 3 | 0 | 1 | 30 | 73 | 104.33 | 0 | 3 |
| Science - Physics | 0 | 3 | 1 | 0 | 25 | 99 | 112.00 | 1 | 3 |
| Auditory Arts | 0 | 2 | 0 | 1 | 20 | 105 | 120.00 | 0 | 1 |
| Literature - British Literature | 0 | 1 | 0 | 0 | 10 | 107 | 107.00 | 0 | 0 |
| Science - Biology | 0 | 2 | 2 | 1 | 10 | 125 | 125.00 | 0 | 1 |
| Science - Chemistry | 0 | 1 | 0 | 1 | 10 | 121 | 121.00 | 0 | 0 |
| Visual Arts | 0 | 1 | 0 | 0 | 10 | 142 | 142.00 | 0 | 0 |
| Beliefs | 0 | 1 | 0 | 0 | 10 | 113 | 113.00 | 0 | 0 |
| History - Ancient History | 0 | 1 | 0 | 1 | 10 | 138 | 138.00 | 0 | 0 |
| Philosophy | 0 | 0 | 0 | 0 | 0 | 0.00 | 0 | 0 | |
| History - Other History | 0 | 0 | 0 | 0 | 0 | 0.00 | 0 | 0 | |
| Literature - American Literature | 0 | 0 | 1 | 0 | -5 | 0.00 | 0 | 0 |